Convenio internacional relativo al Instituto Internacional del Frío, Paris, 1 de diciembre de 1954. (Record no. 47192)

MARC details
000 -LEADER
campo de control de longitud fija 00665nam a2200169 i 4500
001 - NÚMERO DE CONTROL
campo de control 47192
003 - IDENTIFICADOR DE NÚMERO DE CONTROL
campo de control ES-MaACL
005 - FECHA Y HORA DE LA ÚLTIMA TRANSACCIÓN
campo de control 20230906161523.0
007 - CAMPO FIJO DE DESCRIPCIÓN FÍSICA--INFORMACIÓN GENERAL
campo de control de longitud fija t|
008 - DATOS DE LONGITUD FIJA--INFORMACIÓN GENERAL
campo de control de longitud fija 030404s1956 sp ||||1| spa d
245 00 - MENCIÓN DEL TÍTULO
Título Convenio internacional relativo al Instituto Internacional del Frío, Paris, 1 de diciembre de 1954.
260 ## - PUBLICACIÓN, DISTRIBUCIÓN, ETC.
Lugar de publicación, distribución, etc. Madrid :
Nombre del editor, distribuidor, etc. [s.n.,
Fecha de publicación, distribución, etc. 1956] (
Fabricante Imp. del Ministerio de Asuntos Exteriores)
300 ## - DESCRIPCIÓN FÍSICA
Extensión 16 p. ;
Dimensiones 23 cm.
500 ## - NOTA GENERAL
Nota general Precede al tít.: Ministerio de Asuntos Exteriores. Registro de Tratados. Nº 87.
710 1# - ENTRADA AGREGADA--NOMBRE DE ENTIDAD CORPORATIVA
Nombre de entidad corporativa o nombre de jurisdicción como elemento de entrada España.
Unidad subordinada Ministerio de Asuntos Exteriores.
-- Registro de Tratados.
9 (RLIN) 168910
852 ## - LOCALIZACIÓN
Ubicación ES-MaACL
Número de control de estantería 1984-F-1
Sublocalización o colección R.39579
Holdings
Estatus retirado Estado de pérdida Estado de daño No para préstamo Colección Biblioteca de origen Biblioteca actual Ubicación en estantería Fecha de adquisición Fuente de adquisición Total de préstamos Signatura topográfica completa Código de barras Visto por última vez Precio de reemplazo Tipo de ítem Koha
        Colección de folletos Biblioteca del Ateneo de Madrid Biblioteca del Ateneo de Madrid Depósito folletos 17/01/2008     1984-F-1 1049637 23/02/2023 23/02/2023 Folleto